<?xml version="1.0" encoding="UTF-8"?><?xml-stylesheet type="text/xsl" href="static/style.xsl"?><OAI-PMH xmlns="http://www.openarchives.org/OAI/2.0/" xmlns:xsi="http://www.w3.org/2001/XMLSchema-instance" xsi:schemaLocation="http://www.openarchives.org/OAI/2.0/ http://www.openarchives.org/OAI/2.0/OAI-PMH.xsd"><responseDate>2026-06-01T23:27:49Z</responseDate><request verb="GetRecord" identifier="oai:riuma.uma.es:10630/24885" metadataPrefix="marc">https://riuma.uma.es/rest/oai/request</request><GetRecord><record><header><identifier>oai:riuma.uma.es:10630/24885</identifier><datestamp>2026-02-03T11:08:52Z</datestamp><setSpec>com_10630_2254</setSpec><setSpec>col_10630_37953</setSpec></header><metadata><record xmlns="http://www.loc.gov/MARC21/slim" xmlns:dcterms="http://purl.org/dc/terms/" xmlns:doc="http://www.lyncode.com/xoai" xmlns:xsi="http://www.w3.org/2001/XMLSchema-instance" xsi:schemaLocation="http://www.loc.gov/MARC21/slim http://www.loc.gov/standards/marcxml/schema/MARC21slim.xsd">
   <leader>00925njm 22002777a 4500</leader>
   <datafield ind2=" " ind1=" " tag="042">
      <subfield code="a">dc</subfield>
   </datafield>
   <datafield ind2=" " ind1=" " tag="720">
      <subfield code="a">Sánchez-Torralvo, Francisco José</subfield>
      <subfield code="e">author</subfield>
   </datafield>
   <datafield ind2=" " ind1=" " tag="720">
      <subfield code="a">Porras, Nuria</subfield>
      <subfield code="e">author</subfield>
   </datafield>
   <datafield ind2=" " ind1=" " tag="720">
      <subfield code="a">Ruiz-García, Ignacio</subfield>
      <subfield code="e">author</subfield>
   </datafield>
   <datafield ind2=" " ind1=" " tag="720">
      <subfield code="a">Maldonado Araque, Cristina</subfield>
      <subfield code="e">author</subfield>
   </datafield>
   <datafield ind2=" " ind1=" " tag="720">
      <subfield code="a">García-Olivares, María</subfield>
      <subfield code="e">author</subfield>
   </datafield>
   <datafield ind2=" " ind1=" " tag="720">
      <subfield code="a">Girón, María Victoria</subfield>
      <subfield code="e">author</subfield>
   </datafield>
   <datafield ind2=" " ind1=" " tag="720">
      <subfield code="a">Gonzalo-Marín, Montserrat</subfield>
      <subfield code="e">author</subfield>
   </datafield>
   <datafield ind2=" " ind1=" " tag="720">
      <subfield code="a">Olveira-Fuster, Casilda</subfield>
      <subfield code="e">author</subfield>
   </datafield>
   <datafield ind2=" " ind1=" " tag="260">
      <subfield code="c">2022-08-17</subfield>
   </datafield>
   <datafield ind2=" " ind1=" " tag="520">
      <subfield code="a">Muscle ultrasonography of the quadriceps rectus femoris (QRF) is a technique on the rise in the assessment of muscle mass in application of nutritional assessment. The aim of the present study is to assess the usefulness of muscle ultrasonography in patients with cystic fibrosis, comparing the results with other body composition techniques such as anthropometry, bioelectrical impedance analysis (BIA), dual-energy X-ray absorptiometry (DXA), and handgrip strength (HGS). At the same time, we intend to assess the possible association with the nutritional and respiratory status. Methods: This was a prospective observational study in adult patients with cystic fibrosis in a clinically stable situation. Muscle ultrasonography of the QRF was performed, and the results were compared with other measures of body composition: anthropometry, BIA, and DXA. HGS was used to assess muscle function. Respiratory parameters were collected, and nutritional status was assessed using Global Leadership Initiative on Malnutrition (GLIM) criteria. Results: A total of 48 patients were included, with a mean age of 34.1 ± 8.8 years. In total, 24 patients were men, and 24 patients were women. Mean BMI was 22.5 ± 3.8 kg/m2. Mean muscular area rectus anterior (MARA) was 4.09 ± 1.5 cm2, and mean muscular circumference rectus was 8.86 ± 1.61 cm. A positive correlation was observed between the MARA and fat-free mass index (FFMI) determined by anthropometry (r = 0.747; p &lt; 0.001), BIA (r = 0.780; p &lt; 0.001), and DXA (r = 0.678; p &lt; 0.001), as well as muscle function (HGS: r = 0.790; p &lt; 0.001) and respiratory parameters (FEV1; r = 0.445, p = 0.005; FVC: r = 0.376, p = 0.02; FEV1/FVC: r = 0.344, p = 0.037). A total of 25 patients (52.1%) were diagnosed with malnutrition according to GLIM criteria. Differences were observed when comparing the MARA based on the diagnosis of malnutrition (4.75 ± 1.65 cm2 in normo-nourished vs. 3.37 ± 1.04 in malnourished; p = 0.014). (...)</subfield>
   </datafield>
   <datafield ind1="8" ind2=" " tag="024">
      <subfield code="a">Sánchez-Torralvo FJ, Porras N, Ruiz-García I, Maldonado-Araque C, García-Olivares M, Girón MV, Gonzalo-Marín M, Olveira C, Olveira G. Usefulness of Muscle Ultrasonography in the Nutritional Assessment of Adult Patients with Cystic Fibrosis. Nutrients. 2022; 14(16):3377. https://doi.org/10.3390/nu14163377</subfield>
   </datafield>
   <datafield ind1="8" ind2=" " tag="024">
      <subfield code="a">https://hdl.handle.net/10630/24885</subfield>
   </datafield>
   <datafield ind1="8" ind2=" " tag="024">
      <subfield code="a">https://doi.org/10.3390/nu14163377</subfield>
   </datafield>
   <datafield tag="653" ind2=" " ind1=" ">
      <subfield code="a">Ecografía</subfield>
   </datafield>
   <datafield tag="653" ind2=" " ind1=" ">
      <subfield code="a">Piernas-Ecografía</subfield>
   </datafield>
   <datafield ind2="0" ind1="0" tag="245">
      <subfield code="a">Usefulness of Muscle Ultrasonography in the Nutritional Assessment of Adult Patients with Cystic Fibrosis</subfield>
   </datafield>
</record>
</metadata></record></GetRecord></OAI-PMH>